| 000 | 00948pam a2200277 a 4500 | ||
|---|---|---|---|
| 001 | 1053439 | ||
| 003 | GBCCL | ||
| 005 | 20241126110402.0 | ||
| 008 | 900126s1990 alu b 001 0 eng | ||
| 010 | _a 90031685 | ||
| 020 | _a0891350756 | ||
| 040 |
_aDLC _cDLC _dDLC |
||
| 050 | 0 | 0 |
_aBT771.2 _b.H34 1990 |
| 082 | 0 | 0 |
_a234.2 _220 _bHAN |
| 245 | 0 | 0 |
_aHandbook of faith / _cedited by James Michael Lee ; contributors, Monika K. Hellwig ... [et al.]. |
| 260 |
_aBirmingham, Ala. : _bReligious Education Press, _cc1990. |
||
| 300 |
_axii, 328 p. ; _c24 cm. |
||
| 504 | _aIncludes bibliographical references and indexes. | ||
| 650 | 0 |
_aFaith. _92645 |
|
| 650 | 0 |
_aFaith _xComparative studies. _92996 |
|
| 700 | 1 |
_aLee, James Michael. _92997 |
|
| 700 | 1 |
_aHellwig, Monika. _92998 |
|
| 906 |
_a7 _bcbc _corignew _d1 _eocip _f19 _gy-gencatlg |
||
| 942 |
_2ddc _cBK _01 |
||
| 999 |
_c1493 _d1493 |
||